|
|
|
|
| LEADER |
00000nam0a2200000 4500 |
| 001 |
274105 |
| 005 |
20231101234709.0 |
| 020 |
|
|
|a RU
|b 87-75363
|
| 035 |
|
|
|a (RuTPU)RU\TPU\book\297315
|
| 090 |
|
|
|a 274105
|
| 100 |
|
|
|a 20141031d1987 k y0rusy5003 ca
|
| 101 |
0 |
|
|a rus
|
| 102 |
|
|
|a RU
|
| 105 |
|
|
|a y z 100zy
|
| 200 |
1 |
|
|a Компьютерный всеобуч и повышение квалификации специалистов в свете решений январского (1987 г.) Пленума ЦК КПСС
|e материалы Всесоюзной научно-практическая конференция в г. Брежневе, февраль 1987 г.
|f Всесоюзное общество "Знание" ; сост. А. П. Назаров
|
| 210 |
|
|
|a Москва
|c Знание
|d 1987
|
| 215 |
|
|
|a 168 с.
|
| 606 |
1 |
|
|a Вычислительные машины электронные
|x Эксплуатация
|2 stltpush
|3 (RuTPU)RU\TPU\subj\4171
|9 32471
|
| 610 |
1 |
|
|a вычислительная техника
|
| 610 |
1 |
|
|a кадры
|
| 610 |
1 |
|
|a подготовка
|
| 610 |
1 |
|
|a квалификация
|
| 610 |
1 |
|
|a всеобщее обучение
|
| 610 |
1 |
|
|a компьютерное обучение
|
| 610 |
1 |
|
|a конференции
|
| 610 |
1 |
|
|a повышение
|
| 675 |
|
|
|a 681.3.004(063)
|z rus
|v 3
|
| 702 |
|
1 |
|a Назаров
|b А. П.
|4 220
|
| 712 |
0 |
2 |
|a Всесоюзное общество "Знание"
|c (1963-1991)
|c (Москва)
|2 stltpush
|3 (RuTPU)RU\TPU\col\9744
|9 24745
|
| 712 |
1 |
2 |
|a Компьютерный всеобуч и повышение квалификации специалистов в свете решений январского (1987 г.) Пленума ЦК КПСС"
|c Всесоюзная научно-техническая конференция
|e Брежнев
|f 1987
|
| 801 |
|
0 |
|a RU
|b RuMRKP
|c 19950417
|g psbo
|
| 801 |
|
1 |
|a RU
|b 63413507
|c 20141031
|
| 801 |
|
2 |
|a RU
|b 63413507
|c 20170323
|g RCR
|
| 942 |
|
|
|c BK
|